00700nam a2200229 i 4500001000300000100001800003245008200021260003200103300002700135650001400162655001800176020001500194040000800209041000800217080001500225920001800240942000700258008004100265999001700306856009800323952004900421bg1 aPASEK, Maciej10aPhotoshop 5 PL - podstawy obsługi :bćwiczenia praktyczne /cMaciej Pasek. aGliwice :b"Helion",c2000. a82 s. :bil. ;c24 cm. 9aPhotoshop aPodręczniki a8371973969 cBPK0 apol a004.42(07) a83-7197-396-9 cKS s pl f |000 0 pol  c46101d46101 uhttp://koha.tu.koszalin.pl/cgi-bin/koha/opac-detail.pl?biblionumber=46101yKatalog online BPK 00104070aBPKbBPKcwo75711p02252414yKS